000 00889nmm a2200277 a 4500
001 ocm0001349864
003 TR-IsHL
005 20201028161611.0
008 161016s2013 tu tur
007 cr cn
020 _a9786051314990
035 _a1349864
_b(N$T)
050 0 4 _aPZ90.O53
_bS5
090 0 4 _aPZ90.O53
_bS5
100 1 _aOnat, Polat
245 1 0 _aŞiir madalyonunun gizemi
_h[electronic resource] /
_cPolat Onat ; resimleyen Büşra Akbulut
260 _aİstanbul :
_bNesil Çocuk Yayınları,
_c2013
300 _a73 p.
650 4 _aDil ve Edebiyat
650 4 _aLanguage and Literature
650 0 _aÇocuk hikayeleri, Türk
650 0 _aChildren story, Turkish
650 7 _aJUVENILE FICTION / General
_2bisacsh
700 1 _aAkbulut, Büşra
856 4 0 _uhttp://search.ebscohost.com/login.aspx?direct=true&scope=site&db=e011xww&AN=1349864
999 _c14215
_d14215